00918nam a2200193 a 450000100100000000500170001000800410002704000250006808200150009310000290010824500650013726000360020230000200023850000890025895201280034795201130047595201190058899900170070700003612520240226143342.0111214s2011 dr 000 0 spa d aDO-SdBNPbspacBNPHU axxxxbM2961 aMañón, Melvin91042710aFines Fuerzas Independientes Nacionales /cMelvin Mañón. aSanto Domingo :bBúho,c2011. a32 p. ;c16 cm. aEn la cubierta ruptura (de la lógica, del discurso, y de la práctica política) 001054708DSaGRbGRcCTd2011-12-14iLF1l0oxxxx M296p36125-30r2020-06-25te. 3w2020-06-25yLFDSZPréstamo en sala 0010718PDaPDbPDcHDd2011-12-14iLF1l0oxxxx M296p36125-10r2020-06-25w2020-06-25yLFPDZNo se presta 0010718PDaPDbPDcCTd2011-12-14iLF1l0oxxxx M296p36125-20r2020-06-25te. 2w2020-06-25yLFPDZNo se presta c35616d35616